000
00329nam a22001457a 4500
003
SGT
020
_a
9788172013434
082
_a
920
_b
B92K
100
_a
KOHLI, SURENDRA SINGH
245
_a
BHARTIYA SAHITYA KE NIRMATA BULLE SHAH
260
_b
SAHITYA ACADEMY
_c
1992
300
_a
103
650
_a
BIOGRAPHY
942
_2
ddc
_c
BK
999
_c
28264
_d
28264